LIBRARY & INFORMATION CENTRE, KCAET, TAVANUR

ONLINE PUBLIC ACCESS CATALOGUE (OPAC)

Statistical procedures for agricultural research / (Record no. 10039)

MARC details
000 -LEADER
fixed length control field 00503cam a2200181ua 4500
020 ## - INTERNATIONAL STANDARD BOOK NUMBER
ISBN 0-471-879312
041 ## - LANGUAGE CODE
Language code of text/sound track or separate title eng
082 ## - DEWEY DECIMAL CLASSIFICATION NUMBER
Classification number 519.0620
Item number GOM/ST
100 ## - MAIN ENTRY--AUTHOR NAME
Personal name Gomez, Kwanchari A .
245 ## - TITLE STATEMENT
Title Statistical procedures for agricultural research /
250 ## - EDITION STATEMENT
Edition statement 1 /
260 ## - PUBLICATION, DISTRIBUTION, ETC. (IMPRINT)
Place of publication New York :
Name of publisher Wiley Interscience publications ,
Year of publication 1984.
300 ## - PHYSICAL DESCRIPTION
Number of Pages 680 ; .
700 1# - ADDED ENTRY--PERSONAL NAME
Personal name Gomez , Arthuro A .
942 ## - ADDED ENTRY ELEMENTS (KOHA)
Koha item type Books
Holdings
Withdrawn status Lost status Damaged status Home library Current library Date acquired Full call number Accession Number Koha item type
      KAUAET KAUAET 27/03/1987 519.0620 GOM/ST 16264 Books
free website counter